000 00817npc a2200217Ia 4500
001 dg33-1726 [d000001783]
003 IT-MiCISF
008 161014s9999||||xx | und||
040 _aIT-MiCISF
_cIT-MiCISF
041 _ait
100 _aBertotti T.
245 0 _aRelazioni ai convegni di Bruxelles e di Amburgo
250 _a1a ed.
260 _a Milano
_bCentro per il bambino maltrattato e la cura della crisi familiare
_c1991
300 _app. 63
500 _aCirillo S., Di Blasio P., Gabbana L., Malacrea M., Vassalli A., Barachetti P., Camisasca E., Conti P. / abuso-di-minore, terapia-familiare, incesto, rapporti-fratelli, burn-out, rapporti-paziente-terapeuta, rapporti-familiari /
650 _amaltrattamenti-violenza
700 _aAA.VV.
942 _cDD
957 _71
999 _a1726
_bsi
_g1
_c207634
_d207634